Ligue EBTV S4 Sp3 : Toutes les équipes - Statistiques

Statistiques générales
  • Ce quiz a été pris 36 fois
  • Le résultat moyen est 37 sur 68
Statistiques - réponses
D1 % Correct
ASC Tenshi
97%
Vanguard
97%
Ink Souls Maria
90%
mimzox
87%
Jouons l'Extase
83%
ASC Neko
80%
ASC Niji~A
80%
ASC Niji~M
80%
Bad Luck
80%
Uprising
80%
ASC Niji~K
77%
FLAMINGO
73%
Ink Souls Sina
73%
Kanden
73%
Ro$a
73%
ASC Niji~O
70%
SplatDiamond Alpha
70%
Splash-O'Clock
67%
ASC Mūgen
63%
ASC Niji~G
63%
GoodLuck
63%
LA TÉLÉvision
63%
Macalamar Šquad
63%
Splash Mirrors 3
63%
New Luck
60%
Angel of Darkness
57%
SplatDiamond Oméga
57%
Team 7
57%
ASC Aijō
53%
Fatal Trizooka
53%
Kuroneko
53%
Luna Cielo
53%
Super Monkey FanClub
53%
Barbacomeback
50%
Chips Paprika
50%
Shining Storm
50%
Chromatic Anarchy
47%
Crépuscule
47%
Ink Souls Solai
47%
Silent Retribution
47%
SplatDiamond Sigma
47%
Splatsquid Sinine
47%
Bloody Night
43%
Bloody Wave
43%
ChillUp
43%
Fruit-Night
43%
Not Together
43%
Octo Kaze
43%
Shake
43%
Booga Kaze
40%
DEVIANT
40%
L' Armink
40%
Scylla
40%
Steralia
40%
Viol£tta
40%
Astra
37%
Bisounours x Berserk
37%
Kiwink
37%
Made in Heaven
37%
SplatDiamond Delta
37%
SplatDiamond Zêta
37%
Cani'Crew
33%
Cephalo Synergie
33%
Funnest Splash
33%
™}Team
33%
Witch Of The Night
33%
Nyx Tide
30%
Patoland
23%
Aucun quiz correspondant
Distribution des résultats
% des personnes avec chaque résultat
Percentile par nombre de réponses
Votre historique - résultats
Vous n’avez pas pris ce quiz